Culture générale 4 - Statistiques

Statistiques générales
  • Ce quiz a été pris 97 fois
  • Le résultat moyen est 5 sur 20
Statistiques - réponses
Hint Réponse % Correct
De quel pays le théâtre Nô est-il le théâtre traditionnel ? Japon
70%
Quelle langue parle un flamingant ? Flamand
69%
Quelle ancienne joueuse de tennis allemande est mariée à André Agassi ? Steffi Graf
52%
Avec quel acteur français le poète Jean Cocteau entretenait-il une relation homosexuelle ? Jean Marais
41%
Dans quels pays eut lieu l’euro 2000 de football ? Belgique
40%
Pays-Bas
37%
Qui a écrit le roman « La Dame aux Camélias » ? Alexandre Dumas fils
34%
Sous quel nom connaît-on mieux Joseph Aloisius Ratzinger ? Benoît XVI
32%
Qui fut commandant des armées unionistes pendant la guerre de Sécession, puis président des Etats-Unis de 1869 à 1877 ? Ulysses S. Grant
24%
Dans Titeuf, quel est le vrai prénom de Vomito ? Hervé
18%
Quel est le vrai nom du cardinal de Richelieu ? Armand Jean du Plessis
16%
Quelle ancienne championne française de natation des années 1960, spécialisée dans le dos, a été 29 fois championne de France, et est devenue la première femme porte-drapeau de la délégation française aux Jeux Olympiques de 1968 ? Christine Caron
14%
Quelle athlète américaine décédée soudainement en 1998 à 38 ans, détient les records du monde féminins du 100m et 200m depuis 1988, malgré que ces records soient entachés de lourds soupçons de dopage ? Florence Griffith-Joyner
14%
Dans quel pays coule la rivière Uele ? République Démocratique du Congo
14%
Avec les Kshatriyas, les Vaishyas et les Shudras, quelle est la quatrième grande caste qui compose la société indienne ? Brahmanes
8%
Quelle confiserie est considérée comme la spécialité gastronomique de la ville de Verdun ? Dragée
6%
Dans quelle ville peut-on trouver la cathédrale Saint-Isaac, troisième cathédrale d’Europe par ses dimensions ? Saint-Pétersbourg
6%
Quel Etat du nord de l’Inde, ayant pour capitale Lucknow, est le plus peuplé du pays avec presque 200 millions d’habitants ? Uttar Pradesh
6%
Quel dessinateur de comics américain a créé avec Joe Simon le personnage de Captain America ? Jack Kirby
3%
Par quel mot désigne-t-on la couleur verte en héraldique ? Sinople
1%
Aucun quiz correspondant
Distribution des résultats
% des personnes avec chaque résultat
Percentile par nombre de réponses
Votre historique - résultats
Vous n’avez pas pris ce quiz